Les 10 Capitales les plus proches de Port-aux-Français - Statistiques

Statistiques générales
  • Ce quiz a été pris 19 fois
  • Le résultat moyen est 7 sur 10
Statistiques - réponses
Réponse % Correct
Antananarivo
83%
Maputo
78%
Port-Louis
78%
Gaborone
72%
Le Cap
72%
Mbabane
72%
Moroni
67%
Pretoria
67%
Maseru
61%
Bloemfontein
50%
Aucun quiz correspondant
Distribution des résultats
% des personnes avec chaque résultat
Percentile par nombre de réponses
Votre historique - résultats
Vous n’avez pas pris ce quiz